Ingó jog
Elmentve itt :
| Szerző: | |
|---|---|
| Dokumentumtípus: | Cikk |
| Megjelent: |
1930
|
| Sorozat: | Polgári jog : a hazai és külföldi magánjog és hiteljog szemléje
6 |
| Kulcsszavak: | Magánjog |
| Online Access: | http://misc.bibl.u-szeged.hu/5583 |
| LEADER | 00569nab a2200169 i 4500 | ||
|---|---|---|---|
| 001 | misc5583 | ||
| 005 | 20191106142653.0 | ||
| 008 | 170607s1930 hu o 0|| hun d | ||
| 040 | |a SZTE Miscellanea Repozitórium |b hun | ||
| 041 | |a hun | ||
| 100 | 1 | |a Nagy Dezső | |
| 245 | 1 | 0 | |a Ingó jog |h [elektronikus dokumentum] / |c ifj. Nagy Dezső |
| 260 | |c 1930 | ||
| 300 | |a 332-334a | ||
| 490 | 0 | |a Polgári jog : a hazai és külföldi magánjog és hiteljog szemléje |v 6 | |
| 695 | |a Magánjog | ||
| 856 | 4 | 0 | |u http://misc.bibl.u-szeged.hu/5583/1/polgari_jog_1930_332-334a.pdf |z Dokumentum-elérés |